000 00495nam a2200169 i 4500
001 102212
003 ES-MaACL
005 20230906183050.0
007 t|
008 051107s1967 sp ||||1| spa d
100 1 _aMendizábal, Federico de.
_980208
245 1 0 _aSirenas atlánticas /
_cFederico de Mendizabal; prólogo de Alfonso Camín.
260 _aMadrid :
_bGesta,
_c1967.
300 _a140 p. ;
_c17 cm.
700 1 _aCamín, Alfonso.
_934074
852 _aES-MaACL
_jC-32533
_bR.62817
999 _c102212
_d102212